000 00911nam a2200181Ia 4500
008 100920s9999 xx 000 0 und d
082 _b95765
_a891.43 न 05
100 _aमोजेज माइकेल.
245 _aनोबेल पारितोषिक विजेता साहित्य कारों की कहानियाँ भाग 1.
260 _bपराग प्रकाशन, नई दिल्ली.
_c2005
300 _a152
_bसाधी
365 _b150
520 _aहिंदी.
630 _aनोबेल पारितोषिक विजेता साहित्य कारों की कहानियाँ भाग 1.
650 _aहिंदी.
730 _aनोबेल पारितोषिक विजेता साहित्य कारों की कहानियाँ भाग 1.
942 _cBOOK
999 _c736205
_d736202